000 00249nam a22001097a 4500
008 230620b xxu||||| |||| 00| 0 eng d
082 _a324.26
_bKANU
100 _cKANU
245 _aThe KANU CODE OF DISCIPLINE 1986
300 _a15P
942 _2ddc
_cBK
999 _c1799
_d1799